| 000 | 01567nam a2200349 i 4500 | ||
|---|---|---|---|
| 001 | 768714001 | ||
| 003 | CO-MdFUSB | ||
| 005 | 20241022101646.0 | ||
| 007 | ta | ||
| 008 | 180213t1983 -us |||| |||| 00| 0 eng d | ||
| 020 | _a0-8028-1947-8 | ||
| 040 |
_aCO-MdFUSB _bspa _cCO-MdFUSB _dCO-MdFUSBC _erda |
||
| 041 | 0 | _aeng | |
| 082 | 0 | 4 |
_a226.806 _223 _bB154 |
| 100 | 1 |
_aBailey, Kenneth E. _eautor |
|
| 245 | 1 | 0 |
_aPoet and peasant and through peasant eyes _b : a literary-cultural approach to the parables in Luke _c / Kenneth E. Bailey |
| 264 | 1 |
_aGrand Rapids : _bWilliam B. Eerdmans Publishing Company, _c℗[1983] |
|
| 264 | 4 | _c©1983 | |
| 300 |
_a425 páginas ; _c23 cm |
||
| 336 |
_2rdacontent _atexto _btxt |
||
| 337 |
_2rdamedia _asin mediación _bn |
||
| 338 |
_2rdacarrier _avolumen _bnc |
||
| 505 | _aI: Introducción : la cuestión y la tarea -- Metodología (1) : la cuestión cultural -- Metodología (2) : Cuatro tipos de construcciones literarias en el Nuevo Testamento y su significado para la interpretación de las parábolas -- II: Un análisis de cuatro parábolas y dos poemas en el viaje narrativo de Lucas : el esbozo literario del narrativo viaje (documento Jerusalén): Lucas 9:51-19:48 -- Exégesis de Lucas 16:1-13 -- Exégesis de Lucas 11:5-13 -- Exégesis de Lucas 15 | ||
| 563 | _aRústico | ||
| 650 | 7 |
_aCriticismo _9614 |
|
| 650 | 7 |
_aHermenéutica _9418 |
|
| 653 | _aParábolas bíblicas | ||
| 653 | _aBiblia N.T. - Lucas - Criticismo, Interpretación, Etc | ||
| 942 | _cBK | ||
| 945 | _aJTF-925 | ||
| 999 |
_c44262 _d44262 |
||